| 000 | 00623nam a2200229Ia 4500 | ||
|---|---|---|---|
| 999 |
_c49640 _d49640 |
||
| 001 | 16572 | ||
| 003 | GE_BSU | ||
| 005 | 20250204110423.0 | ||
| 008 | 181216s2006||||enk|||||||||||||| ||eng|| | ||
| 020 | _a1405822589 | ||
| 040 | _cGE_BSU | ||
| 041 | _aeng | ||
| 080 | _a811.111(075.8) F-71 | ||
| 100 |
_aFoley, Mark _924180 |
||
| 245 |
_aTotal English : Upper Intermediate Workbook (with key) / _cMark Foley. |
||
| 264 |
_aHarlow : _bPearson/Longman, _c[2006]. |
||
| 300 |
_a94 p. : _b ill. ; _c29 cm. _e[1] CD. |
||
| 541 | _h5ლ. | ||
| 653 | _aTotal English | ||
| 653 | _aUpper Intermediate Workbook | ||
| 942 |
_cBK _2udc |
||